[Event "POL Olympiad U14"]
[Site "Spala"]
[Date "2014.12.30"]
[Round "7.9"]
[White "Sernecki, Franciszek"]
[Black "Blocinski, Maciej"]
[Result "1-0"]
[WhiteElo "1773"]
[BlackElo "1665"]
[PlyCount "47"]
[EventDate "2014.04.06"]
[EventType "swiss"]
[EventRounds "9"]
[EventCountry "POL"]
[SourceTitle "EXT 2023"]
[Source "ChessBase"]
[SourceDate "2022.10.05"]
[SourceVersion "1"]
[SourceVersionDate "2022.10.05"]
[SourceQuality "1"]

1. e4 e5 2. Nf3 Nc6 3. Bb5 a6 4. Ba4 Nf6 5. Qe2 b5 6. Bb3 Be7 7. 0-0 d6 8. h3 Na5 9. c3 Nxb3 10. axb3 c5 11. d4 cxd4 12. cxd4 exd4 13. Nxd4 Bb7 14. Re1 0-0 15. Nc3 Re8 16. Qd3 b4 17. Nd5 Nxd5 18. exd5 Bf6 19. Rxe8+ Qxe8 20. Be3 Bxd5 21. Rxa6 Bxd4 22. Rxa8 Qxa8 23. Bxd4 Bxg2 24. Qg3 1-0

[Event "POL-chT U19 2nd League"]
[Site "Szczyrk"]
[Date "2014.07.27"]
[Round "4.79"]
[White "Blocinski, Maciej"]
[Black "Szolc, Grzegorz"]
[Result "0-1"]
[WhiteElo "1717"]
[BlackElo "1883"]
[PlyCount "84"]
[EventDate "2014.07.25"]
[EventType "team-swiss"]
[EventRounds "11"]
[EventCountry "POL"]
[SourceTitle "EXT 2015"]
[Source "ChessBase"]
[SourceDate "2014.11.20"]
[SourceVersion "1"]
[SourceVersionDate "2014.11.20"]
[SourceQuality "1"]
[WhiteTeam "Bydgoszcz Chemik U19"]
[BlackTeam "Gliwice Politechnika Slaska U19"]
[WhiteTeamCountry "POL"]
[BlackTeamCountry "POL"]

1. d4 g6 2. c4 Bg7 3. Nc3 f5 4. Nf3 Nf6 5. Bg5 d6 6. e3 0-0 7. Bd3 c6 8. 0-0 Qe8 9. d5 Na6 10. Rc1 h6 11. Bxf6 Bxf6 12. Qe2 Nc5 13. Bb1 e5 14. dxe6 Bxe6 15. Rfd1 Rd8 16. b4 Na6 17. a3 Bf7 18. Nd4 Nc7 19. e4 f4 20. Qd3 Be5 21. Nce2 Ne6 22. Nxe6 Bxe6 23. Nd4 Kh7 24. Nxe6 Qxe6 25. f3 Qf6 26. b5 c5 27. Qd5 Rd7 28. Qd2 Bd4+ 29. Kh1 Qe5 30. Qe2 h5 31. a4 Kh8 32. a5 g5 33. Rc2 Rg8 34. Rcd2 g4 35. Rxd4 cxd4 36. Qd3 Rdg7 37. Qxd4 Qxd4 38. Rxd4 gxf3 39. g3 fxg3 40. hxg3 Rxg3 41. Kh2 Rg2+ 42. Kh3 Rg1 0-1

[Event "POL-ch qual U13"]
[Site "Jastrzebia Gora"]
[Date "2013.09.28"]
[Round "7.1"]
[White "Karpus, Michal"]
[Black "Blocinski, Maciej"]
[Result "1-0"]
[WhiteElo "1843"]
[BlackElo "1623"]
[PlyCount "54"]
[EventDate "2013.09.28"]
[EventType "swiss"]
[EventRounds "9"]
[EventCountry "POL"]
[SourceTitle "EXT 2023"]
[Source "ChessBase"]
[SourceDate "2022.10.05"]
[SourceVersion "1"]
[SourceVersionDate "2022.10.05"]
[SourceQuality "1"]

1. e4 e5 2. Nf3 Nc6 3. Bc4 Nf6 4. d3 Be7 5. 0-0 0-0 6. Re1 d6 7. a4 Be6 8. Nbd2 Na5 9. Bxe6 fxe6 10. b4 Nc6 11. b5 Nb8 12. c3 Qe8 13. Qb3 Bd8 14. Ng5 d5 15. exd5 exd5 16. Ba3 Qg6 17. Bxf8 Qxg5 18. Nf3 Qf5 19. Rxe5 Qxd3 20. Rd1 Qg6 21. Rg5 Qe4 22. Bxg7 Ng4 23. Bf6+ Kf7 24. Bxd8 Nd7 25. Rgxd5 Qe6 26. Rxd7+ Kf8 27. Qxe6 Rxd8 1-0

[Event "Wroclaw op-B 8th"]
[Site "Wroclaw"]
[Date "2013.07.03"]
[Round "3"]
[White "Blocinski, Maciej"]
[Black "Joniak, Grzegorz"]
[Result "1-0"]
[WhiteElo "1491"]
[BlackElo "1320"]
[PlyCount "57"]
[EventDate "2013.07.01"]
[EventType "swiss"]
[EventRounds "9"]
[EventCountry "POL"]
[SourceTitle "EXT 2014"]
[Source "ChessBase"]
[SourceDate "2013.11.20"]
[SourceVersion "1"]
[SourceVersionDate "2013.11.20"]
[SourceQuality "1"]

1. d4 f5 2. Bg5 h6 3. Bh4 g5 4. Bg3 f4 5. e3 h5 6. Bd3 d6 7. Bg6+ Kd7 8. exf4 h4 9. d5 c6 10. Qd4 Nf6 11. fxg5 hxg3 12. fxg3 Bg7 13. gxf6 Qa5+ 14. Qd2 Qxd2+ 15. Nxd2 Bxf6 16. dxc6+ Nxc6 17. 0-0-0 Ne5 18. Be4 Kc7 19. Ngf3 Ng4 20. Rde1 Be6 21. Bxb7 Rab8 22. Rxe6 Rxb7 23. b3 Rh6 24. Re2 Ne5 25. Ne4 Nxf3 26. gxf3 Be5 27. f4 Bg7 28. Rhe1 Kc6 29. Ng5 1-0

[Event "Bydgoszcz U18 op 12th"]
[Site "Bydgoszcz"]
[Date "2013.05.03"]
[Round "6.1"]
[White "Kroczka, Gromoslaw"]
[Black "Blocinski, Maciej"]
[Result "1-0"]
[WhiteElo "1684"]
[BlackElo "1444"]
[PlyCount "97"]
[EventDate "2013.05.02"]
[EventType "swiss"]
[EventRounds "9"]
[EventCountry "POL"]
[SourceTitle "EXT 2023"]
[Source "ChessBase"]
[SourceDate "2022.10.05"]
[SourceVersion "1"]
[SourceVersionDate "2022.10.05"]
[SourceQuality "1"]

1. e4 e5 2. Nf3 Nc6 3. Bc4 Nf6 4. d3 d6 5. Ng5 d5 6. exd5 b5 7. Bxb5 Qxd5 8. Bxc6+ Qxc6 9. Qf3 Qxf3 10. Nxf3 Bd6 11. b3 0-0 12. Bb2 Re8 13. Nbd2 Bb7 14. 0-0 e4 15. dxe4 Nxe4 16. Nc4 Bc5 17. Nce5 Rad8 18. Nd3 Bb6 19. Rad1 a5 20. Nd2 Nxd2 21. Rxd2 Be4 22. Rfd1 h6 23. Kf1 Re7 24. f3 Bg6 25. Ne5 Rxd2 26. Rxd2 Kh7 27. Nxg6 Kxg6 28. Bd4 Re6 29. Bxb6 cxb6 30. Kf2 f5 31. c4 Kf6 32. h4 f4 33. Rd4 g5 34. h5 Re5 35. Rd6+ Re6 36. Rxe6+ Kxe6 37. Ke2 Kd6 38. Kd3 Kc5 39. Kc3 b5 40. cxb5 Kxb5 41. a3 Kc5 42. b4+ axb4+ 43. axb4+ Kb5 44. Kb3 Kc6 45. Kc4 Kb6 46. b5 Kb7 47. Kd5 Kb6 48. Ke5 Kxb5 49. Kf6 1-0

[Event "Bydgoszcz U18 op 30th"]
[Site "Bydgoszcz"]
[Date "2013.01.14"]
[Round "8.7"]
[White "Blocinski, Maciej"]
[Black "Proczek, Mateusz"]
[Result "1-0"]
[WhiteElo "1375"]
[BlackElo "1554"]
[PlyCount "97"]
[EventDate "2013.01.14"]
[EventType "swiss"]
[EventRounds "9"]
[EventCountry "POL"]
[SourceTitle "EXT 2023"]
[Source "ChessBase"]
[SourceDate "2022.10.05"]
[SourceVersion "1"]
[SourceVersionDate "2022.10.05"]
[SourceQuality "1"]

1. d4 Nf6 2. c4 e6 3. Nc3 Bb4 4. Bg5 h6 5. Bh4 d5 6. Nf3 Nbd7 7. e3 0-0 8. Bd3 c5 9. cxd5 cxd4 10. exd4 exd5 11. 0-0 Nb6 12. Qb3 Bxc3 13. bxc3 Be6 14. Ne5 Rc8 15. Rac1 g5 16. Bg3 Ne4 17. Bxe4 dxe4 18. Qd1 Nc4 19. Qh5 Qf6 20. h4 Qg7 21. f4 exf3 22. Rxf3 f6 23. Ng4 Bxg4 24. Qxg4 Rce8 25. Bf2 Nd2 26. Rd3 Ne4 27. d5 Nxf2 28. Kxf2 f5 29. Qd4 Qe5 30. Qxe5 Rxe5 31. hxg5 hxg5 32. c4 Rc8 33. Rc2 b6 34. a4 Kf7 35. a5 Rd8 36. axb6 axb6 37. Rb3 Rd6 38. Rh3 Re4 39. Rh8 Ke7 40. Ra8 Kf6 41. Ra6 Ke5 42. Rc1 Kf6 43. c5 Rxd5 44. cxb6 Rd8 45. b7+ Kg7 46. Ra8 Rd2+ 47. Kg1 Ree2 48. b8Q Rxg2+ 49. Kh1 1-0

[Event "Bydgoszcz U18 op 30th"]
[Site "Bydgoszcz"]
[Date "2013.01.14"]
[Round "6.9"]
[White "Kopaczewski, Adam"]
[Black "Blocinski, Maciej"]
[Result "1-0"]
[WhiteElo "1456"]
[BlackElo "1375"]
[PlyCount "119"]
[EventDate "2013.01.14"]
[EventType "swiss"]
[EventRounds "9"]
[EventCountry "POL"]
[SourceTitle "EXT 2023"]
[Source "ChessBase"]
[SourceDate "2022.10.05"]
[SourceVersion "1"]
[SourceVersionDate "2022.10.05"]
[SourceQuality "1"]

1. e4 e5 2. Nf3 Nc6 3. d4 exd4 4. Bc4 Nf6 5. 0-0 Nxe4 6. Re1 d5 7. Bxd5 Qxd5 8. Nc3 Qd8 9. Rxe4+ Be6 10. Nxd4 Nxd4 11. Rxd4 Qf6 12. Nb5 Qe5 13. a4 Rc8 14. Bf4 Qf6 15. Nxc7+ Rxc7 16. Bxc7 Be7 17. Qd2 0-0 18. Qf4 Qg6 19. Qe4 Qxe4 20. Rxe4 Rc8 21. Be5 Rxc2 22. Bc3 h6 23. Rae1 Bc5 24. R4e2 Rxe2 25. Rxe2 Kh7 26. Rd2 b6 27. b4 Be7 28. b5 Kg8 29. Be5 Kf8 30. Bb8 Bb3 31. Rd4 Bc5 32. Re4 Bc2 33. Rf4 g5 34. Rf6 Bxa4 35. Rxh6 Bxb5 36. Bxa7 Kg7 37. Rh3 Bd7 38. Rb3 Be6 39. Rb1 Bf5 40. Rb2 f6 41. Bxb6 Bxb6 42. Rxb6 Kg6 43. f3 Bd7 44. Kf2 Bc8 45. Ke3 Bd7 46. Rd6 Be8 47. Ke4 Bf7 48. g3 Bb3 49. f4 gxf4 50. gxf4 Bc2+ 51. Kf3 Bb3 52. Kg4 Bc2 53. Rd5 f5+ 54. Kh4 Kf6 55. Rd6+ Ke7 56. Rb6 Be4 57. Kg5 Kf7 58. Rf6+ Ke7 59. Rxf5 Bxf5 60. Kxf5 1-0